Energetika: Realnosť i perspektivy /

Na minha lista:
Detalhes bibliográficos
Main Authors: Pasečnik, L.L (Author), Popovič, A.S (Author)
Formato: Livro
Idioma:russo
Publicado em: Kijev : Naukova dumka, 1986
Tags: Adicionar Tag
Sem tags, seja o primeiro a adicionar uma tag!

MARC

LEADER 00000nam a22000003a 4500
001 stu4128
005 20150617225810.2
008 930618s1986----xxr-----------------rus-d
040 |a STU  |b slo 
041 0 |a rus 
044 |a xxr 
080 |a 620.9 
100 1 |a Pasečnik, L.L  |4 aut 
245 1 |a Energetika: Realnosť i perspektivy /  |c [aut.] Pasečnik,L.L.; Popovič,A.S 
260 |a Kijev :  |b Naukova dumka,  |c 1986 
300 |a 131 s 
700 1 |a Popovič, A.S  |4 aut 
996 |b E64649  |c I*64649  |l IE10  |s P  |a 0  |w stu4128_0001